00318nam a2200121 450000500170000010000250001724500370004226400290007930000180010833600220012633700240014833800240017220260530115309.01 aClarence P. Hornung 10aHandbook of Early Advetising Art 1bDover Publicationsc1956 a237 páginas atexto2rdacontent asin medio2rdamedia avolumen2rdacarrier